| 000 | 00922nam a2200205Ia 4500 | ||
|---|---|---|---|
| 003 | Ost | ||
| 005 | 20260507075056.0 | ||
| 008 | 260507s9999||||xx |||||||||||||| ||und|| | ||
| 040 | _cfsecg | ||
| 041 | _aara | ||
| 082 | _a657.45 | ||
| 100 |
_aالصحن، عبد الفتاح محمد _eمؤلف |
||
| 245 | 0 |
_aأسس المراجعة : _bالأسس العلمية والعملية / _c عبد الفتاح محمد الصحن |
|
| 260 |
_aالإسكندرية: _bالدار الجامعية, _c2004 |
||
| 300 |
_a423 صفحة؛ _bإيضاحات ؛ _c24 سم |
||
| 520 | _aطبيعة المراجعة وضرورة إيجاد نظرية لها، معايير المراجعة المتعارف عليها،مسؤولية المراجع الخارجي وقواعد وآداب وسلوك المهنة | ||
| 653 | _aالمراجعة | ||
| 700 |
_aالصبان، محمد سمير _eمؤلف ثانوي |
||
| 942 | _cكتاب | ||
| 999 |
_c42740 _d42740 |
||